000 00448nam a2200169Ia 4500
003 GCL
008 140319s9999 xx 000 0 ara d
040 _aGCL /
_cGCL
082 0 4 _a813
_bن ب
100 1 _aبخيت العفيفى
245 1 0 _aبرج بابل: قصة /
_cبخيت العفيفى
700 1 _aجورج كرم
260 _a[S.N] :
_bدار الكتب اللبنانى
490 _a
650 0 4 _aالقصص
942 _2ddc
_cBK
999 _c49456
_d49456